[Event "Pere Noel"]
[Site "Montreal CAN"]
[Date "2017.12.30"]
[Round "4.2"]
[White "Sambuev, Bator"]
[Black "Saha, Ananda"]
[Result "1-0"]
[WhiteElo "2597"]
[BlackElo "2132"]
[WhiteFideId "-1"]
[WhiteFideId "-1"]
[PlyCount "93"]
[GameId "2160767908292047"]
[EventDate "2017.12.27"]
[EventType "swiss"]
[EventRounds "5"]
[EventCountry "CAN"]
[SourceTitle "hb 2017"]

1. Nf3 d5 2. c4 e6 3. g3 Nf6 4. Bg2 Be7 5. O-O O-O 6. b3 c6 7. Bb2 Nbd7 8. d3 a5 9. Nc3 Nc5 10. Rb1 Bd7 11. Ne5 b5 12. e3 Qc7 13. Ne2 bxc4 14. bxc4 Rfb8 15. Qc2 Na6 16. Ba1 Nb4 17. Qd2 Ne8 18. Rfc1 f6 19. Nxd7 Qxd7 20. a3 Na6 21. Rxb8 Rxb8 22. cxd5 Bxa3 23. Rd1 cxd5 24. Qxa5 Qd6 25. Nd4 Nec7 26. Qa4 Bc5 27. Bc3 Bxd4 28. Bxd4 e5 29. Bc3 Nc5 30. Qa2 Kh8 31. d4 exd4 32. Bxd4 N5e6 33. Ba1 Rd8 34. h4 Qc5 35. Bh3 Qc6 36. Qb3 Nc5 37. Qc2 Qd6 38. Bc3 N5e6 39. Bf5 h6 40. Qb2 Nc5 41. Ba5 N5a6 42. Bb1 Qe7 43. Qc2 g5 44. hxg5 hxg5 45. Kg2 Re8 46. Bxc7 Nxc7 47. Rh1+ 1-0

[Event "Pere Noel"]
[Site "Montreal CAN"]
[Date "2017.12.30"]
[Round "4.5"]
[White "Yu, Zong Yang"]
[Black "Durette, Francis"]
[Result "1-0"]
[WhiteElo "2484"]
[BlackElo "2098"]
[WhiteFideId "-1"]
[WhiteFideId "-1"]
[PlyCount "67"]
[GameId "2160767908292049"]
[EventDate "2017.12.27"]
[EventType "swiss"]
[EventRounds "5"]
[EventCountry "CAN"]
[SourceTitle "hb 2017"]

1. d4 Nf6 2. c4 g6 3. Nc3 Bg7 4. e4 d6 5. Be2 O-O 6. Bg5 Nbd7 7. Qd2 e5 8. d5 Nc5 9. f3 Bd7 10. h4 Qe8 11. Nh3 a5 12. g4 a4 13. Nf2 Ra6 14. h5 Rb6 15. Nd3 Nxd3+ 16. Bxd3 Ra6 17. O-O-O Bc8 18. Kb1 Ra8 19. Rc1 c6 20. Rh3 Qd7 21. Rch1 Re8 22. hxg6 fxg6 23. Qh2 Re7 24. c5 h5 25. Bc4 Kf8 26. Rh4 Re8 27. dxc6 bxc6 28. Rd1 Qa7 29. cxd6 Bd7 30. gxh5 Nxh5 31. Rxh5 gxh5 32. Qxh5 Be6 33. Bxe6 Rxe6 34. d7 1-0

[Event "Pere Noel"]
[Site "Montreal CAN"]
[Date "2017.12.30"]
[Round "4.6"]
[White "Jia, Zhe"]
[Black "Luksza, Arkadiusz"]
[Result "0-1"]
[WhiteElo "1895"]
[BlackElo "2225"]
[WhiteFideId "-1"]
[WhiteFideId "-1"]
[PlyCount "70"]
[GameId "2160767908292050"]
[EventDate "2017.12.27"]
[EventType "swiss"]
[EventRounds "5"]
[EventCountry "CAN"]
[SourceTitle "hb 2017"]

1. Nf3 Nf6 2. c4 e6 3. d4 b6 4. Nc3 Bb7 5. Qc2 Bb4 6. a3 Bxc3+ 7. Qxc3 O-O 8. Bg5 h6 9. Bh4 d6 10. e3 Nbd7 11. Rd1 Qe7 12. Be2 Rfe8 13. O-O a5 14. Qc2 g5 15. Bg3 Ne4 16. Nd2 Nxg3 17. hxg3 e5 18. d5 a4 19. e4 Nc5 20. Bg4 Bc8 21. Bxc8 Raxc8 22. g4 Kg7 23. f3 Rh8 24. Kf2 h5 25. gxh5 Rxh5 26. Rh1 Rch8 27. Rxh5 Rxh5 28. b4 axb3 29. Nxb3 g4 30. Rg1 Qh4+ 31. Kf1 Nxb3 32. Qxb3 Qg5 33. fxg4 Rh4 34. Ke2 Rxg4 35. g3 Rxe4+ 0-1

[Event "Pere Noel"]
[Site "Montreal CAN"]
[Date "2017.12.30"]
[Round "4.7"]
[White "Bassel, Charaf"]
[Black "Zhong, Kevin"]
[Result "1-0"]
[WhiteElo "2158"]
[BlackElo "2080"]
[WhiteFideId "-1"]
[WhiteFideId "-1"]
[PlyCount "59"]
[GameId "2160767908292051"]
[EventDate "2017.12.27"]
[EventType "swiss"]
[EventRounds "5"]
[EventCountry "CAN"]
[SourceTitle "hb 2017"]

1. b3 e5 2. Bb2 Nc6 3. e3 Nf6 4. Nf3 e4 5. Nd4 Nxd4 6. Bxd4 d5 7. c4 c6 8. cxd5 cxd5 9. Bxf6 gxf6 10. Bb5+ Bd7 11. Qe2 Bd6 12. Nc3 Be5 13. Rc1 Rc8 14. O-O a6 15. Bxd7+ Qxd7 16. f4 Bb8 17. Nxd5 Rc6 18. Rxc6 Qxc6 19. Qh5 Qe6 20. d3 exd3 21. e4 f5 22. Qxf5 Qxf5 23. exf5 Kd7 24. Rd1 Kc6 25. Rxd3 Bd6 26. Kf2 Bc5+ 27. Kf3 h5 28. Nf6 Rh6 29. Nd7 Rd6 30. Nxc5 1-0

[Event "Pere Noel"]
[Site "Montreal CAN"]
[Date "2017.12.30"]
[Round "4.8"]
[White "Lemire-Paquin, Alexandre"]
[Black "Marcone, Malcom"]
[Result "1/2-1/2"]
[WhiteElo "2155"]
[BlackElo "1855"]
[WhiteFideId "-1"]
[WhiteFideId "-1"]
[PlyCount "135"]
[GameId "2160767908292052"]
[EventDate "2017.12.27"]
[EventType "swiss"]
[EventRounds "5"]
[EventCountry "CAN"]
[SourceTitle "hb 2017"]

1. Nf3 Nf6 2. c4 d6 3. d4 g6 4. g3 Bg7 5. Bg2 c5 6. Nc3 Na6 7. O-O O-O 8. h3 h6 9. d5 Nc7 10. a4 Rb8 11. e4 a6 12. a5 b5 13. axb6 Rxb6 14. e5 Nd7 15. e6 fxe6 16. dxe6 Nf6 17. Nd5 Nfxd5 18. cxd5 Bb7 19. Nh2 Qa8 20. Ng4 Kh7 21. Ne3 Rb4 22. Ra3 Rd4 23. Rd3 Nxd5 24. Rxd4 cxd4 25. Nc2 Qa7 26. Qd3 Qc5 27. Be4 Rf6 28. Rd1 Nb4 29. Nxb4 Bxe4 30. Qxe4 Qxb4 31. Rxd4 Qb3 32. Rd5 Qb7 33. Be3 Rf5 34. Rd4 Qxe4 35. Rxe4 Bxb2 36. Rb4 Rb5 37. Ra4 a5 38. Bd2 Kg7 39. Bxa5 Kf6 40. Bd2 h5 41. h4 Kxe6 42. Bg5 Bf6 43. Bxf6 exf6 44. Kf1 Rb2 45. Kg2 Ke5 46. Kf3 Rb3+ 47. Ke2 g5 48. hxg5 fxg5 49. f4+ gxf4 50. gxf4+ Kf5 51. Ra5+ Kxf4 52. Rxh5 Ke4 53. Rh4+ Kd5 54. Kd2 Kc5 55. Rh5+ d5 56. Rh8 Rg3 57. Ra8 Kd4 58. Ra4+ Ke5 59. Ra8 Ke4 60. Rb8 Rg2+ 61. Kd1 d4 62. Rh8 Rg1+ 63. Kd2 Rg2+ 64. Kd1 Kd3 65. Rh3+ Kc4 66. Rf3 Ra2 67. Rh3 d3 68. Rh8 1/2-1/2

[Event "Pere Noel"]
[Site "Montreal CAN"]
[Date "2017.12.30"]
[Round "4.9"]
[White "Zheng, Richard"]
[Black "Saine, Zachary"]
[Result "1/2-1/2"]
[WhiteElo "2102"]
[BlackElo "1972"]
[WhiteFideId "-1"]
[WhiteFideId "-1"]
[PlyCount "62"]
[GameId "2160767908292053"]
[EventDate "2017.12.27"]
[EventType "swiss"]
[EventRounds "5"]
[EventCountry "CAN"]
[SourceTitle "hb 2017"]

1. d4 d5 2. c4 e6 3. Nc3 c6 4. e4 dxe4 5. Nxe4 Bb4+ 6. Bd2 Qxd4 7. Bxb4 Qxe4+ 8. Ne2 Na6 9. Bf8 Ne7 10. Bxg7 Nb4 11. Qd6 Nd3+ 12. Kd2 Nf5 13. Qxd3 Qxd3+ 14. Kxd3 Nxg7 15. Ng3 Ke7 16. f4 b6 17. Be2 c5 18. Bf3 Rb8 19. Rhe1 Bb7 20. Bxb7 Rxb7 21. Re3 h5 22. h4 Rd7+ 23. Kc3 Kf6 24. Rae1 Nf5 25. Nxf5 Kxf5 26. g3 Rhd8 27. a3 Rd2 28. R1e2 Rd1 29. Re1 R1d2 30. R1e2 Rd1 31. Re1 R1d2 1/2-1/2

[Event "Pere Noel"]
[Site "Montreal CAN"]
[Date "2017.12.30"]
[Round "4.10"]
[White "Guipi Bopala, Prince Eric jr"]
[Black "Voskanyan, Vahagn"]
[Result "0-1"]
[WhiteElo "1855"]
[BlackElo "2263"]
[WhiteFideId "-1"]
[WhiteFideId "-1"]
[PlyCount "96"]
[GameId "2160767908292054"]
[EventDate "2017.12.27"]
[EventType "swiss"]
[EventRounds "5"]
[EventCountry "CAN"]
[SourceTitle "hb 2017"]

1. d4 Nf6 2. c4 c6 3. Nc3 d5 4. e3 Nbd7 5. Nf3 e6 6. Be2 Bd6 7. Qc2 O-O 8. O-O dxc4 9. Bxc4 e5 10. Rd1 Qc7 11. Bd2 exd4 12. exd4 Nb6 13. Be2 Re8 14. Bg5 Nbd5 15. Rac1 Nxc3 16. bxc3 Ne4 17. Be3 Bg4 18. h3 Bh5 19. Ne1 Bg6 20. Bd3 Re7 21. Nf3 Rae8 22. c4 Bh5 23. Be2 Bf4 24. Bxf4 Qxf4 25. Re1 Nf6 26. Rcd1 Bxf3 27. gxf3 Nh5 28. Qd2 Qxd2 29. Rxd2 Nf4 30. Kf1 Nxh3 31. Rdd1 Nf4 32. Rd2 h5 33. d5 cxd5 34. cxd5 Rxe2 35. Rdxe2 Rxe2 36. Ra1 Re7 37. d6 Rd7 38. Kg1 f5 39. Kh2 Kf7 40. Kg3 g5 41. Rd1 Ke6 42. Re1+ Kxd6 43. Rd1+ Ke6 44. Rc1 h4+ 45. Kh2 Rd3 46. Rc8 Rxf3 47. Rf8 Rxf2+ 48. Kg1 Rxa2 0-1

[Event "Pere Noel"]
[Site "Montreal CAN"]
[Date "2017.12.30"]
[Round "4.11"]
[White "Robichaud, Louis"]
[Black "Brassard, Sylvain"]
[Result "1-0"]
[WhiteElo "2178"]
[BlackElo "1829"]
[WhiteFideId "-1"]
[WhiteFideId "-1"]
[PlyCount "85"]
[GameId "2160767908292055"]
[EventDate "2017.12.27"]
[EventType "swiss"]
[EventRounds "5"]
[EventCountry "CAN"]
[SourceTitle "hb 2017"]

1. e4 e6 2. d3 d5 3. Nd2 Nf6 4. g3 dxe4 5. dxe4 e5 6. Ngf3 Bc5 7. Bg2 O-O 8. O-O Nc6 9. c3 Be6 10. b4 Bd6 11. Qe2 Nd7 12. Nc4 Nb6 13. Ne3 f6 14. a3 a5 15. Bb2 Qe8 16. Nh4 Qf7 17. Nhf5 Nc4 18. Nd5 Nxb2 19. Qxb2 Bxf5 20. exf5 axb4 21. axb4 Qd7 22. Ne3 Rxa1 23. Rxa1 b6 24. Rd1 Ne7 25. Qb3+ Kh8 26. Be4 Rd8 27. Rd3 Qe8 28. Qd1 Nc8 29. Nd5 Ne7 30. Nxb6 Qb5 31. Nd5 Nxd5 32. Rxd5 Qe8 33. Qe2 Be7 34. Ra5 Qd7 35. Qc4 Bd6 36. Rb5 Qe8 37. Rb7 Rb8 38. Ra7 g5 39. fxg6 hxg6 40. Bc6 Qg8 41. Bd5 Qe8 42. b5 Qe7 43. b6 1-0

[Event "Pere Noel"]
[Site "Montreal CAN"]
[Date "2017.12.30"]
[Round "4.12"]
[White "Auger, Bertrand"]
[Black "Richard, Leo"]
[Result "1/2-1/2"]
[WhiteElo "1934"]
[BlackElo "1836"]
[WhiteFideId "-1"]
[WhiteFideId "-1"]
[PlyCount "80"]
[GameId "2160767908292056"]
[EventDate "2017.12.27"]
[EventType "swiss"]
[EventRounds "5"]
[EventCountry "CAN"]
[SourceTitle "hb 2017"]

1. Nf3 Nf6 2. g3 c5 3. c4 Nc6 4. Bg2 e6 5. O-O Be7 6. d4 cxd4 7. Nxd4 O-O 8. Nc3 a6 9. h3 Qc7 10. Be3 Ne5 11. b3 d5 12. f4 Ned7 13. Rc1 dxc4 14. Na4 Nd5 15. Bf2 b5 16. bxc4 bxc4 17. e4 N5b6 18. Qc2 Bb7 19. Rb1 Nxa4 20. Qxa4 e5 21. fxe5 Nxe5 22. Nf5 Bc5 23. Kh2 Bxf2 24. Rxf2 Bc6 25. Qa3 Ng6 26. Qd6 Qxd6 27. Nxd6 Ne5 28. Rb6 Rfb8 29. Nxc4 Rxb6 30. Nxb6 Rd8 31. Nd5 Bxd5 32. exd5 Nc4 33. Rc2 Ne3 34. Rc6 Nxg2 35. Kxg2 f6 36. d6 a5 37. Kf3 Kf7 38. Rc7+ Kf8 39. Rc6 Kf7 40. Rc7+ Kf8 1/2-1/2

[Event "Pere Noel"]
[Site "Montreal CAN"]
[Date "2017.12.30"]
[Round "4.13"]
[White "Cui, Leonardo"]
[Black "Destree, Frederic"]
[Result "1/2-1/2"]
[WhiteElo "1830"]
[BlackElo "1924"]
[WhiteFideId "-1"]
[WhiteFideId "-1"]
[PlyCount "95"]
[GameId "2160767908292057"]
[EventDate "2017.12.27"]
[EventType "swiss"]
[EventRounds "5"]
[EventCountry "CAN"]
[SourceTitle "hb 2017"]

1. Nf3 Nf6 2. c4 g6 3. b4 Bg7 4. Bb2 O-O 5. g3 b6 6. Bg2 Bb7 7. O-O d6 8. d3 Nbd7 9. Nbd2 e5 10. d4 exd4 11. Bxd4 Re8 12. Rc1 Qe7 13. e3 Ne5 14. Qb3 Rab8 15. Ba1 c5 16. b5 Rbd8 17. Rfd1 Qc7 18. Nxe5 dxe5 19. e4 Rd7 20. Nf1 Bxe4 21. Bxe4 Nxe4 22. Ne3 Nf6 23. Nd5 Nxd5 24. Rxd5 Red8 25. Qf3 f5 26. Qb3 Rd6 27. Rcd1 Kf7 28. Qe3 Rxd5 29. cxd5 Qd6 30. Qc3 Bf6 31. Qc4 e4 32. Bxf6 Kxf6 33. Qc3+ Qe5 34. Qa3 Rxd5 35. Rxd5 Qxd5 36. Qxa7 Qd6 37. Qxh7 Ke5 38. Qg7+ Qf6 39. Qc7+ Qd6 40. Qg7+ Kd5 41. Qb7+ Kc4 42. Qc6 Qd1+ 43. Kg2 e3 44. fxe3 Qe2+ 45. Kh3 Qg4+ 46. Kg2 Qe4+ 47. Kh3 Qg4+ 48. Kg2 1/2-1/2

[Event "Pere Noel"]
[Site "Montreal CAN"]
[Date "2017.12.30"]
[Round "4.14"]
[White "Baran, Marius"]
[Black "Forest, Jimmy2"]
[Result "1/2-1/2"]
[WhiteElo "1864"]
[BlackElo "1791"]
[WhiteFideId "-1"]
[WhiteFideId "-1"]
[PlyCount "95"]
[GameId "2160767908292058"]
[EventDate "2017.12.27"]
[EventType "swiss"]
[EventRounds "5"]
[EventCountry "CAN"]
[SourceTitle "EXT 2022"]
[Source "ChessBase"]
[SourceDate "2021.10.06"]
[SourceVersion "1"]
[SourceVersionDate "2021.10.06"]
[SourceQuality "1"]

1. e4 Nc6 2. Nf3 e5 3. d4 exd4 4. Bc4 Nf6 5. e5 d5 6. Bb5 Ne4 7. Nxd4 Bd7 8. Bxc6 bxc6 9. O-O Bc5 10. Be3 O-O 11. f3 Ng5 12. f4 Ne4 13. Nd2 Nxd2 14. Qxd2 Rb8 15. Rab1 Qe7 16. Nb3 Bb6 17. Qc3 Qb4 18. Bd4 Qxc3 19. bxc3 Bf5 20. Rfc1 f6 21. exf6 Rxf6 22. Kf1 Rff8 23. Nc5 Rbe8 24. g3 g5 25. Re1 gxf4 26. Rxe8 Rxe8 27. gxf4 Bxc2 28. Re1 Rxe1+ 29. Kxe1 Kf7 30. Kd2 Bb1 31. a3 Kg6 32. Ke3 Kf5 33. Nd7 Ke6 34. Nc5+ Kf5 35. Kf3 Be4+ 36. Ke3 h6 37. Nd7 Bxd4+ 38. cxd4 Bc2 39. Ne5 Ba4 40. Nd3 h5 41. Ne5 c5 42. dxc5 d4+ 43. Kxd4 Kxf4 44. Ng6+ Kf3 45. Ke5 Be8 46. Nh4+ Kg4 47. Nf5 Kh3 48. Ng7 1/2-1/2

[Event "Pere Noel"]
[Site "Montreal CAN"]
[Date "2017.12.30"]
[Round "4.15"]
[White "Jain, Ankita"]
[Black "Chang, Alexander"]
[Result "0-1"]
[WhiteElo "1264"]
[BlackElo "1953"]
[WhiteFideId "-1"]
[WhiteFideId "-1"]
[PlyCount "94"]
[GameId "2160767908292059"]
[EventDate "2017.12.27"]
[EventType "swiss"]
[EventRounds "5"]
[EventCountry "CAN"]
[SourceTitle "hb 2017"]

1. e4 e5 2. Nf3 Nc6 3. Bc4 Nf6 4. d3 Bc5 5. Nc3 h6 6. h3 O-O 7. Ne2 d6 8. Ng3 Be6 9. Bb3 Ne7 10. c3 Ng6 11. Bd2 c6 12. O-O d5 13. Qc2 Qc7 14. Rae1 Rfe8 15. d4 dxe4 16. Nxe4 Nxe4 17. Qxe4 Bxb3 18. axb3 exd4 19. Qd3 dxc3 20. Bxc3 Rxe1 21. Rxe1 Qg3 22. Bd4 Qxg2+ 23. Kxg2 Nf4+ 24. Kh2 Nxd3 25. Bxc5 Nxc5 26. Nd2 Nd3 27. Re7 b6 28. Rc7 c5 29. Ne4 a6 30. Rd7 Nb4 31. Rb7 Nd5 32. Nc3 Nxc3 33. bxc3 b5 34. Rc7 a5 35. Rxc5 a4 36. Rxb5 a3 37. Rb4 a2 38. Ra4 Rxa4 39. bxa4 a1=Q 40. a5 Qxa5 41. c4 Qc7+ 42. Kg2 Qxc4 43. f4 Qxf4 44. h4 Qxh4 45. Kf1 Qh2 46. Ke1 f5 47. Kd1 Kf7 0-1

[Event "Pere Noel"]
[Site "Montreal CAN"]
[Date "2017.12.30"]
[Round "4.16"]
[White "Gueorguiev, Valentin"]
[Black "Prahov, Valentin"]
[Result "0-1"]
[WhiteElo "1980"]
[BlackElo "2075"]
[WhiteFideId "-1"]
[WhiteFideId "-1"]
[PlyCount "150"]
[GameId "2160767908292060"]
[EventDate "2017.12.27"]
[EventType "swiss"]
[EventRounds "5"]
[EventCountry "CAN"]
[SourceTitle "EXT 2022"]
[Source "ChessBase"]
[SourceDate "2021.10.06"]
[SourceVersion "1"]
[SourceVersionDate "2021.10.06"]
[SourceQuality "1"]

1. Nf3 Nf6 2. c4 g6 3. g3 c6 4. b3 Bg7 5. Bb2 O-O 6. Bg2 d5 7. O-O a5 8. d3 e6 9. Nbd2 Na6 10. a3 b6 11. Qc2 Bb7 12. Rad1 Re8 13. Rfe1 Rc8 14. e4 Nc5 15. e5 Nfd7 16. h4 Qc7 17. cxd5 cxd5 18. d4 Ne4 19. Qxc7 Rxc7 20. Nxe4 dxe4 21. Nd2 Rc2 22. Ba1 Bf8 23. Nc4 a4 24. Ne3 Ra2 25. bxa4 Bxa3 26. Nc4 Bb4 27. Re3 Rc8 28. Nd6 Bxd6 29. exd6 f5 30. Rc3 Rxc3 31. Bxc3 Rxa4 32. Bf1 Bc6 33. Rb1 Kf7 34. Be2 Ke8 35. h5 Ra2 36. hxg6 hxg6 37. Bf1 g5 38. Bb4 b5 39. Be1 Ra4 40. Bc3 Ra3 41. Bd2 Ra4 42. Bc3 Nf6 43. Rxb5 Nd5 44. Bd2 f4 45. gxf4 gxf4 46. Rb8+ Kd7 47. Rf8 e3 48. fxe3 fxe3 49. Be1 Ra1 50. Bh4 Kxd6 51. Kh2 Rd1 52. Bg3+ Ke7 53. Rf3 Rxd4 54. Kg1 Rd1 55. Kh2 Nf6 56. Rf4 e2 57. Bg2 Bxg2 58. Kxg2 e1=Q 59. Bxe1 Rxe1 60. Kf2 Re4 61. Rf3 e5 62. Ra3 Ke6 63. Ra6+ Kf5 64. Kf3 Rb4 65. Ra8 Rb3+ 66. Ke2 e4 67. Rf8 Ke5 68. Rd8 Rb2+ 69. Ke1 Nd5 70. Ra8 Kd4 71. Ra4+ Kd3 72. Ra1 Nc3 73. Ra8 Rb1+ 74. Kf2 e3+ 75. Kg2 e2 0-1

[Event "Pere Noel"]
[Site "Montreal CAN"]
[Date "2017.12.30"]
[Round "4.17"]
[White "Steinberg, Ellis"]
[Black "Gauthier, Denis"]
[Result "0-1"]
[WhiteElo "1820"]
[BlackElo "1867"]
[WhiteFideId "-1"]
[WhiteFideId "-1"]
[PlyCount "96"]
[GameId "2160767908292061"]
[EventDate "2017.12.27"]
[EventType "swiss"]
[EventRounds "5"]
[EventCountry "CAN"]
[SourceTitle "hb 2017"]

1. e4 c5 2. Nf3 e6 3. d3 Nc6 4. g3 g6 5. Bg2 Bg7 6. O-O Nge7 7. c3 O-O 8. d4 cxd4 9. cxd4 d5 10. e5 Qb6 11. Nc3 Nf5 12. Na4 Qc7 13. g4 Nfe7 14. Bf4 b6 15. Qd2 Ba6 16. Rfc1 Qd7 17. b3 Rfc8 18. Rc2 Rc7 19. Rac1 Rac8 20. Nb2 Kh8 21. h3 Ng8 22. a3 Na5 23. Rxc7 Rxc7 24. b4 Nc4 25. Qc3 Rc8 26. Qb3 Nxb2 27. Qxb2 Bc4 28. Nd2 b5 29. Rc3 Ne7 30. Qc1 Nc6 31. Nf3 Kg8 32. Bh6 Qe7 33. Qf4 Ra8 34. Bg5 Qd7 35. Bf6 a5 36. bxa5 Rxa5 37. Bxg7 Kxg7 38. g5 Qa7 39. Qh4 Ne7 40. Qf4 Rxa3 41. Qf6+ Kg8 42. Rxc4 bxc4 43. Nh2 Ra1+ 44. Bf1 h5 45. gxh6 Nf5 46. Ng4 Qe7 47. Qxe7 Nxe7 48. Nf6+ Kh8 0-1

[Event "Pere Noel"]
[Site "Montreal CAN"]
[Date "2017.12.30"]
[Round "5.3"]
[White "Luksza, Arkadiusz"]
[Black "Yu, Zong Yang"]
[Result "1/2-1/2"]
[WhiteElo "2225"]
[BlackElo "2484"]
[WhiteFideId "-1"]
[WhiteFideId "-1"]
[PlyCount "233"]
[GameId "2160767908292064"]
[EventDate "2017.12.27"]
[EventType "swiss"]
[EventRounds "5"]
[EventCountry "CAN"]
[SourceTitle "hb 2017"]

1. d4 Nf6 2. g3 g6 3. Bg2 Bg7 4. Nf3 O-O 5. O-O d6 6. Re1 Nbd7 7. e4 e5 8. d5 Nc5 9. Nc3 a5 10. a4 Bd7 11. Nd2 Qc8 12. Nc4 Bh3 13. Bh1 b6 14. Qe2 Na6 15. f3 Nh5 16. Bg2 Bd7 17. Ne3 Qe8 18. Ng4 f5 19. exf5 gxf5 20. Nf2 Qg6 21. Nh3 Nb4 22. f4 Rae8 23. Qf2 Nf6 24. fxe5 Ng4 25. Qd2 Bxe5 26. Re2 Kh8 27. Nf4 Qh6 28. Nh3 Qg7 29. Qd1 Nxh2 30. Rxe5 dxe5 31. Kxh2 f4 32. Ne4 Bg4 33. Qd2 Bxh3 34. Bxh3 fxg3+ 35. Nxg3 Rg8 36. Ra3 e4 37. Be6 Nd3 38. Rxd3 exd3 39. Qxd3 Rgf8 40. Be3 Rf3 41. Bd4 Rxd3 42. Bxg7+ Kxg7 43. cxd3 Kf6 44. d4 Rd8 45. Ne4+ Ke7 46. Nc3 Rf8 47. Kg2 Rf4 48. Ne2 Re4 49. Kf3 Rh4 50. Ke3 Rh2 51. Bf5 Kd6 52. Be4 Ke7 53. b3 Kd7 54. Bd3 Rh3+ 55. Ke4 Kd6 56. Bc4 Rh6 57. Ng3 Rh4+ 58. Ke3 Kd7 59. Nf5 Rh3+ 60. Ke4 Rc3 61. Ke5 h5 62. Kf4 Rh3 63. Kg5 Rf3 64. Nh4 Rf2 65. Ng6 Kd8 66. Kxh5 Rg2 67. Nf4 Rg1 68. Kh4 Kc8 69. Kh3 Kd7 70. Ne2 Rg5 71. Ng3 Rg7 72. Bb5+ Kd8 73. Bd3 Rg5 74. Be4 Kd7 75. Kg2 Rg8 76. Kf3 Rh8 77. Bd3 Rh2 78. Bc4 Rb2 79. Ne4 Rb1 80. Kf4 Rh1 81. Bb5+ Ke7 82. Ng3 Rb1 83. Bc4 Kd7 84. Nf5 Rb2 85. Ke5 Rb1 86. Kf6 Rc1 87. Bb5+ Kd8 88. Bc4 Kd7 89. Ng3 Re1 90. Kf5 Rg1 91. Ne4 Rh1 92. Bb5+ Ke7 93. Bc4 Rh5+ 94. Kg4 Rh1 95. Nc3 Kd7 96. Kf4 Rh4+ 97. Ke5 Rh5+ 98. Kf6 Rh6+ 99. Kg5 Rh2 100. Nb5 Rg2+ 101. Kf4 Rf2+ 102. Ke3 Rb2 103. Kd3 Rb1 104. Kc2 Rg1 105. Bd3 Rg2+ 106. Kc3 Rg3 107. Kc4 Rg5 108. Be4 Rh5 109. Bg6 Rg5 110. Bf7 Rg1 111. Be6+ Kd8 112. Na7 Rb1 113. Nc6+ Ke8 114. Bf5 Rb2 115. Kc3 Rf2 116. Be6 Rf3+ 117. Kc4 1/2-1/2

[Event "Pere Noel"]
[Site "Montreal CAN"]
[Date "2017.12.30"]
[Round "5.4"]
[White "Leveille, Francois"]
[Black "Bassel, Charaf"]
[Result "1-0"]
[WhiteElo "2298"]
[BlackElo "2158"]
[WhiteFideId "-1"]
[WhiteFideId "-1"]
[PlyCount "69"]
[GameId "2160767908292065"]
[EventDate "2017.12.27"]
[EventType "swiss"]
[EventRounds "5"]
[EventCountry "CAN"]
[SourceTitle "hb 2017"]

1. e4 e5 2. Nf3 Nc6 3. Bb5 a6 4. Ba4 Nf6 5. O-O Be7 6. d4 exd4 7. Re1 O-O 8. e5 Nd5 9. Bb3 Nb6 10. Nxd4 Nxd4 11. Qxd4 d5 12. exd6 Bxd6 13. Qe4 Nd7 14. Nc3 Nc5 15. Qf3 Qh4 16. h3 Bd7 17. Bd5 c6 18. Ne4 cxd5 19. Nxd6 Be6 20. Nf5 Bxf5 21. Qxf5 Rfe8 22. Rxe8+ Rxe8 23. Be3 Qc4 24. b3 Qe4 25. Qxe4 Nxe4 26. Rd1 Nc3 27. Rd3 Rc8 28. Bd2 Nxa2 29. Rxd5 b5 30. c4 bxc4 31. bxc4 Rb8 32. c5 Kf8 33. c6 Ke8 34. c7 Rc8 35. Ba5 1-0

[Event "Pere Noel"]
[Site "Montreal CAN"]
[Date "2017.12.30"]
[Round "5.7"]
[White "Durette, Francis"]
[Black "Lemire-Paquin, Alexandre"]
[Result "1-0"]
[WhiteElo "2098"]
[BlackElo "2155"]
[WhiteFideId "-1"]
[WhiteFideId "-1"]
[PlyCount "61"]
[GameId "2160767908292067"]
[EventDate "2017.12.27"]
[EventType "swiss"]
[EventRounds "5"]
[EventCountry "CAN"]
[SourceTitle "hb 2017"]

1. c4 g6 2. Nc3 Bg7 3. g3 e5 4. e4 d6 5. Bg2 Ne7 6. Nge2 O-O 7. O-O Nbc6 8. d3 Nd4 9. Nxd4 exd4 10. Ne2 c6 11. Qb3 Kh8 12. Bf4 f5 13. Qa3 d5 14. Bd6 Re8 15. e5 dxc4 16. dxc4 Be6 17. c5 Bc4 18. Rfe1 Bxe2 19. Rxe2 f4 20. g4 Nc8 21. e6 Qg5 22. h3 h5 23. Re4 Nxd6 24. cxd6 Bf6 25. e7 hxg4 26. hxg4 Kg7 27. Rae1 c5 28. Qf3 Qd5 29. Qxf4 g5 30. Qf5 Qf7 31. Re6 1-0

[Event "Pere Noel"]
[Site "Montreal CAN"]
[Date "2017.12.30"]
[Round "5.8"]
[White "Voskanyan, Vahagn"]
[Black "Jia, Zhe"]
[Result "1-0"]
[WhiteElo "2263"]
[BlackElo "1895"]
[WhiteFideId "-1"]
[WhiteFideId "-1"]
[PlyCount "105"]
[GameId "2160767908292068"]
[EventDate "2017.12.27"]
[EventType "swiss"]
[EventRounds "5"]
[EventCountry "CAN"]
[SourceTitle "hb 2017"]

1. Nf3 Nf6 2. c4 g6 3. g3 Bg7 4. Bg2 d6 5. d4 O-O 6. Nc3 Nc6 7. O-O e5 8. h3 Ne8 9. Be3 Bd7 10. Qd2 Qc8 11. Kh2 f5 12. dxe5 Nxe5 13. Nxe5 Bxe5 14. Nd5 Kf7 15. Bg5 c6 16. Nc3 Be6 17. b3 Qc7 18. Bh6 Bg7 19. e4 Kg8 20. Rad1 Rd8 21. Bxg7 Nxg7 22. f4 fxe4 23. Nxe4 d5 24. cxd5 Bxd5 25. Qf2 a6 26. Ng5 Bxg2 27. Kxg2 Rd6 28. Ne4 Rd5 29. Rxd5 cxd5 30. Qc5 Qf7 31. Ng5 Qd7 32. Rd1 Nf5 33. Kf2 Ne7 34. Re1 Nc6 35. Nf3 Rd8 36. g4 h6 37. Ne5 Qd6 38. Qxd6 Rxd6 39. Nd3 b6 40. Re8+ Kg7 41. Ke3 Kf6 42. Ne5 Kg7 43. Rc8 Nd8 44. Rc7+ Kg8 45. Rd7 d4+ 46. Ke4 Rxd7 47. Nxd7 Nc6 48. Nxb6 Kf7 49. Nd7 Nb4 50. a4 Ke6 51. Ne5 d3 52. Nxd3 Nc6 53. Nc5+ 1-0

[Event "Pere Noel"]
[Site "Montreal CAN"]
[Date "2017.12.30"]
[Round "5.9"]
[White "Saine, Zachary"]
[Black "Robichaud, Louis"]
[Result "1/2-1/2"]
[WhiteElo "1972"]
[BlackElo "2178"]
[WhiteFideId "-1"]
[WhiteFideId "-1"]
[PlyCount "111"]
[GameId "2160767908292069"]
[EventDate "2017.12.27"]
[EventType "swiss"]
[EventRounds "5"]
[EventCountry "CAN"]
[SourceTitle "hb 2017"]

1. e4 e5 2. Nf3 Nc6 3. Bc4 Bc5 4. c3 Nf6 5. d4 exd4 6. cxd4 Bb4+ 7. Bd2 Nxe4 8. Bxb4 Nxb4 9. Bxf7+ Kxf7 10. Qb3+ d5 11. Ne5+ Ke6 12. Qxb4 c5 13. Qa3 cxd4 14. Nf3 Qb6 15. O-O Re8 16. Qa4 Bd7 17. Qxd4 Qxd4 18. Nxd4+ Kd6 19. Rd1 Rac8 20. f3 Nf6 21. Nc3 a6 22. a4 h5 23. Rd2 g5 24. Rad1 h4 25. Kf2 Rf8 26. Nde2 Be6 27. Rd4 Ng4+ 28. Kg1 Ne3 29. Rc1 h3 30. Kf2 Nxg2 31. Ne4+ Ke5 32. Rxc8 Rxc8 33. Nxg5 Rc2 34. f4+ Kf6 35. Nxe6 Kxe6 36. Rb4 d4 37. Rxd4 Rxb2 38. Kf3 Nh4+ 39. Kg4 Rxe2 40. Kxh4 Rxh2 41. Kg3 Rb2 42. Kxh3 Kf5 43. Kg3 a5 44. Rd5+ Kf6 45. Rxa5 Rb4 46. Kg4 Kg6 47. Ra8 Kf6 48. a5 Rb5 49. a6 bxa6 50. Rxa6+ Kf7 51. f5 Rb1 52. Kg5 Rg1+ 53. Kf4 Rf1+ 54. Kg5 Rg1+ 55. Kf4 Rf1+ 56. Kg5 1/2-1/2

[Event "Pere Noel"]
[Site "Montreal CAN"]
[Date "2017.12.30"]
[Round "5.10"]
[White "Zhong, Kevin"]
[Black "Zheng, Richard"]
[Result "1/2-1/2"]
[WhiteElo "2080"]
[BlackElo "2102"]
[WhiteFideId "-1"]
[WhiteFideId "-1"]
[PlyCount "83"]
[GameId "2160767908292070"]
[EventDate "2017.12.27"]
[EventType "swiss"]
[EventRounds "5"]
[EventCountry "CAN"]
[SourceTitle "hb 2017"]

1. e4 e5 2. Nf3 d6 3. d4 Nf6 4. dxe5 Nxe4 5. Qd5 Nc5 6. Bg5 Be7 7. exd6 Qxd6 8. Nc3 Be6 9. Qxd6 Bxd6 10. Nb5 Nc6 11. Nxd6+ cxd6 12. O-O-O f6 13. Bf4 d5 14. Be3 Ne4 15. Nd4 Nxd4 16. Bxd4 b6 17. f3 Nd6 18. Bd3 Kf7 19. Bf2 Rad8 20. Rhe1 Rhe8 21. Re2 Bf5 22. Red2 Bxd3 23. Rxd3 Re2 24. R3d2 Rde8 25. Rxe2 Rxe2 26. Rd2 Rxd2 27. Kxd2 Ke6 28. Kd3 h5 29. b3 Nf7 30. a4 Ne5+ 31. Kc3 g5 32. Kb4 Kd7 33. Kb5 Nc6 34. c3 Kc7 35. Ka6 Kb8 36. b4 Ka8 37. Kb5 Kb7 38. a5 a6+ 39. Ka4 b5+ 40. Kb3 Kc7 41. Kc2 Kd6 42. Kd3 1/2-1/2